| 000 | 00656nam a22002177a 4500 | ||
|---|---|---|---|
| 005 | 20170124110219.0 | ||
| 010 | _aA-318862 | ||
| 020 |
_c00.00 _a8170620309 |
||
| 035 | _aA-318862 | ||
| 037 | _bCen Lib/Ret | ||
| 040 |
_aDPL _bEN |
||
| 082 |
_a341.13 _bFOR |
||
| 245 |
_aForty years of the united nations / _cedited by U.S. Bajpai |
||
| 260 |
_aNew Delhi _bLancer International _c1987 |
||
| 270 |
_apost box-3802 _bNew Delhi _e110049 |
||
| 300 |
_axii, 215p. _c21cm(Hb) |
||
| 650 |
_aHistory. _z United Nations _939555 |
||
| 650 |
_aSocial development _91695 |
||
| 700 |
_aBajpai, U. S. _939557 |
||
| 942 |
_2ddc _cEN _h341.13 _mFOR |
||
| 999 |
_c134017 _d134017 |
||